Globální strategie trvale udržitelného rozvoje.

Odvrátenie ekologickej krízy hroziacej prechodom k celosvetovému ekologickému kolapsu je možné len na základe stratégie trvalo udržateľného rozvoja, čo je vývojový proces, ktorý zabezpečí naplnenie ľudských potrieb bez toho, aby sa znížilo naplnenie potrieb budúcich generácií a bohatstvo prírody. Po...

Ausführliche Beschreibung

Gespeichert in:
Bibliographische Detailangaben
1. Verfasser: Zeman, J.
Format: Buchkapitel
Sprache:Tschechisch
Schlagworte:
Tags: Tag hinzufügen
Keine Tags, Fügen Sie das erste Tag hinzu!

MARC

LEADER 00000naa a2200000 4500
001 r009923
005 20220831090512.3
041 0 |a cze 
044 |a [CS] 
245 1 0 |a Globální strategie trvale udržitelného rozvoje.  |c J. Zeman 
520 |a Odvrátenie ekologickej krízy hroziacej prechodom k celosvetovému ekologickému kolapsu je možné len na základe stratégie trvalo udržateľného rozvoja, čo je vývojový proces, ktorý zabezpečí naplnenie ľudských potrieb bez toho, aby sa znížilo naplnenie potrieb budúcich generácií a bohatstvo prírody. Pojednanie o konkretizácii trvalo udržateľného rozvoja. 
610 2 0 |a ekológia 
610 2 0 |a rozvoj hospodársky 
610 2 0 |a stratégia hospodárska 
610 2 0 |a ochrana prostredia životného 
610 2 0 |a zdroje prírodné 
610 2 0 |a ochrana prírody 
610 2 0 |a rozvoj trvalo udržateľný 
610 2 0 |a problémy globálne 
100 1 |a Zeman, J.